Interpretación electrocardiográfica / (Record no. 111026)

MARC details
000 -LEADER
campo de control de longitud fija 00509nam a2200169 4500
001 - NÚMERO DE CONTROL
campo de control 111026
003 - IDENTIFICADOR DE NÚMERO DE CONTROL
campo de control ES-MaACL
005 - FECHA Y HORA DE LA ÚLTIMA TRANSACCIÓN
campo de control 20230906185227.0
007 - CAMPO FIJO DE DESCRIPCIÓN FÍSICA--INFORMACIÓN GENERAL
campo de control de longitud fija t|
008 - DATOS DE LONGITUD FIJA--INFORMACIÓN GENERAL
campo de control de longitud fija 061121s1974 sp r ||||1| spa d
100 1# - ENTRADA PRINCIPAL--NOMBRE DE PERSONA
Nombre de persona Nadal Sauquet, A.
9 (RLIN) 84812
245 10 - MENCIÓN DEL TÍTULO
Título Interpretación electrocardiográfica /
Mención de responsabilidad, etc. aplicación clínica por A. Nadal Sauquet.
250 ## - MENCION DE EDICION
Mención de edición 3ª ed. corrg. y aum.
260 ## - PUBLICACIÓN, DISTRIBUCIÓN, ETC.
Lugar de publicación, distribución, etc. Barcelona :
Nombre del editor, distribuidor, etc. Toray,
Fecha de publicación, distribución, etc. 1974.
300 ## - DESCRIPCIÓN FÍSICA
Extensión XXIV, 799 p. :
Otras características físicas il ;
Dimensiones 25 cm.
852 ## - LOCALIZACIÓN
Ubicación ES-MaACL
Número de control de estantería C-107
Sublocalización o colección R.100057
Holdings
Estatus retirado Estado de pérdida Estado de daño No para préstamo Biblioteca de origen Biblioteca actual Ubicación en estantería Fecha de adquisición Fuente de adquisición Total de préstamos Signatura topográfica completa Código de barras Visto por última vez Precio de reemplazo Tipo de ítem Koha
        Biblioteca del Ateneo de Madrid Biblioteca del Ateneo de Madrid Sala Palomar 17/01/2008     C-107 1115838 23/02/2023 23/02/2023 Libro impreso